{"text_format":"3","workbook":"xlsx","n_sheets":1,"sheets":["Rapport fin 2012"],"read":"whole","date_system":"1900"}

{"sheet":"Rapport fin 2012","index":0,"n_rows":55,"n_cols":5,"rows_kept":55}
[]
[]
[]
[]
[]
[]
["Libellés","unité","quantité","PU","coût total"]
["A- DEPENSES CONSOMMEES"]
["I- Charges fonctionnement interne"]
["location bureau professionnel","mois",12,80000,{"$f":"C10*D10","v":960000}]
["Electricité/eau","mois",12,12000,{"$f":"C11*D11","v":144000}]
["charges personnel ","H/mois",12,{"v":1240000,"d":"1,240,000"},{"$f":"C12*D12","v":14880000}]
["Matériels de bureau","u",12,45000,540000]
["communication","U",12,65000,780000]
["Sous total 1",{"$nulls":3},{"$f":"SUM(E10:E14)","v":17304000}]
["II- voyages et perdiems"]
["Praticipation aux séminaires/ateliers","H/J",null,null,480000]
["Perdiems missions de terrain","H/J",32,25000,{"$f":"C18*D18","v":800000}]
["Transport","U",null,null,256000]
["Sous-total 2",{"$nulls":3},{"$f":"SUM(E17:E19)","v":1536000}]
["III- Animation de réunions "]
["Organisations Assemblée Générale ","u",1,450000,{"$f":"C22*D22","v":450000}]
["Ateliers et aautres réunions avec les communautés à la base","u",6,{"v":150000,"d":"150,000"},{"$f":"C23*D23","v":900000}]
["Sous tatal 3",{"$nulls":3},{"$f":"SUM(E22:E23)","v":1350000}]
["IV- Acompagnement de la CNEBCAM"]
["Animation des réunion s régionales de structuration des acteurs","sessions",9,1200000,{"$f":"C26*D26","v":10800000}]
["Prise en charge des participants externes","nuités",90,15000,{"$f":"C27*D27","v":1350000}]
["Matériels didactiques","u",180,4500,810000]
["Accompagnement des éleveurs à l'élaboration des plans d'affaires","u",38,150000,5700000]
["Etude sur la productivité du bétail dans les régions septentrionales (honoraires)","H/J",46,70000,{"$f":"C30*D30","v":3220000}]
["Plaidoyer pour un accès équitable des éleveurs aux SPID","H/J",60,50000,3000000]
["formation des éleveurs sur les chaînes de valeurs","sessions",6,1200000,7200000]
["Accompagnement de six marchés à bétail de l'Extrême-nord","H/J",24,60000,1440000]
["Sous total 4",{"$nulls":3},{"$f":"SUM(E26:E33)","v":33520000}]
["V- Renforcement de la gouvernance foncières dans l'Adamaoua"]
["Honoraires experts","U",12,350000,{"$f":"D36*C36","v":4200000}]
["Activités de terrain","u",1,4500000,{"$f":"D37*C37","v":4500000}]
["organisation des réunions départementales  d'IEC","u",4,700000,2800000]
["Prise en charge des participants externes","nuités",86,12000,1032000]
["Transports des acteurs",{"$nulls":3},248000]
["reprographies et communication",{"$nulls":3},800000]
["Sous total 5",{"$nulls":3},{"$f":"SUM(E36:E41)","v":13580000}]
["VI - Appui à la santé communautaire"]
["Animation des réunions mensuelles et départementales des OSC oeuvrant dans la santé","U",24,220000,{"$f":"D44*C44","v":5280000}]
["Production des déplaints ","U",3000,350,{"$f":"D45*C45","v":1050000}]
["Sous total 6",{"$nulls":3},{"$f":"SUM(E44:E45)","v":6330000}]
["TOTAL DEPENSES",{"$nulls":3},{"$f":"E46+E42+E34+E24+E20+E15","v":73620000}]
["B- RECETTES ENREGISTREES"]
["Solde au 31/12/2011",{"$nulls":3},273105]
["I-cotisations des membres","u",null,null,{"v":1637000,"d":"1,637,000"}]
[" Financement MINSANTE/CNLS",{"$nulls":3},{"v":12000000,"d":"12,000,000"}]
["Financement CNEBCAM",{"$nulls":3},{"v":45000000,"d":"45,000,000"}]
["Contribution NES",{"$nulls":3},{"v":15000000,"d":"15,000,000"}]
["TOTAL RECETTES",{"$nulls":3},{"$f":"SUM(E49:E53)","v":{"v":73910105,"d":"73,910,105"}}]
["C- SOLDE AU 31/12/2012 ",{"$nulls":3},{"$f":"E54-E47","v":{"v":290105,"d":"290,105"}}]